000 00726nam a22002537a 4500
001 44952
003 UA-OsUOA
005 20210711232717.0
007 ta
008 20070319b un ||||| |||| 00| 0 ukr d
020 _a966-578-165-0
040 _aUA-OsUOA
_bukr
_cUA-OsUOA
_dUA-OsUOA
041 _aukr
080 _a821.161.2
090 _a821.161.2
_bР83
100 _aРуденко М.
245 _aВибране. Вірші та поеми (1936-2002)
260 _aК.
_bДніпро
_c2004
300 _a800 с.
650 7 _a82 Література. Літературознавство
_2UDC
942 _cBK
_2udc
955 _a3
999 _c331068
_d331068